[Event "International Championship of Central Se"]
[Site "Paracin, hotel "]
[Date "2012.07.09"]
[Round "4.34"]
[White "Milovanovic, Srboljub"]
[Black "Colovic, Zoran"]
[Result "1-0"]
[WhiteElo "2217"]
[BlackElo "2129"]
[PlyCount "105"]
[EventDate "2012.07.06"]

1. d4 c5 2. d5 b5 3. c4 Qa5+ 4. Bd2 b4 5. e4 d6 6. Bd3 Nd7 7. f4 g6 8. a4 Bg7
9. Ra2 Ngf6 10. Nf3 Qc7 11. b3 O-O 12. O-O Bb7 13. Bc1 Rae8 14. Re2 e5 15. fxe5
Nxe5 16. Nxe5 dxe5 17. Ref2 Qd6 18. Bg5 Nd7 19. Be2 f6 20. Be3 Rf7 21. Bg4 Nf8
22. Nd2 h5 23. Bh3 Bc8 24. Qf3 Bxh3 25. Qxh3 Rc7 26. Nf3 Qd7 27. Qg3 f5 28.
exf5 gxf5 29. Qg5 f4 30. Bc1 Qg4 31. h3 Qd7 32. Re2 Nh7 33. Qxh5 Nf6 34. Qg6 e4
35. Ng5 f3 36. gxf3 exf3 37. Rxe8+ Qxe8 38. Qxe8+ Nxe8 39. Rxf3 Bd4+ 40. Be3
Rg7 41. h4 Nd6 42. Bxd4 cxd4 43. c5 Ne4 44. Kg2 Nxc5 45. Kf2 d3 46. Ke3 Rd7 47.
Rf5 a5 48. h5 Nxb3 49. Kxd3 Nc5+ 50. Kc4 Nxa4 51. h6 Nb6+ 52. Kb3 Rd8 53. h7+
1-0

[Event "International Championship of Central Se"]
[Site "Paracin, hotel "]
[Date "2012.07.09"]
[Round "4.36"]
[White "Ratkovic, Milovan"]
[Black "Ristovich, Dmitar S"]
[Result "1-0"]
[WhiteElo "2214"]
[BlackElo "1916"]
[PlyCount "63"]
[EventDate "2012.07.06"]

1. d4 Nf6 2. Nf3 g6 3. c4 Bg7 4. Nc3 d5 5. Qa4+ c6 6. cxd5 Nxd5 7. e4 Nxc3 8.
bxc3 O-O 9. Be2 c5 10. O-O Nc6 11. Be3 Qc7 12. Rfd1 b6 13. dxc5 bxc5 14. Bxc5
Ne5 15. Bd4 Nxf3+ 16. Bxf3 e5 17. Be3 Be6 18. Rac1 Qc4 19. Qxc4 Bxc4 20. Rc2
Rfc8 21. h3 Bf8 22. Bg4 Rc7 23. f4 Bc5 24. Bxc5 Rxc5 25. f5 a5 26. Bf3 a4 27.
g4 g5 28. h4 h6 29. Rd6 Kg7 30. hxg5 hxg5 31. Rh2 Rh8 32. f6+ 1-0

[Event "International Championship of Central Se"]
[Site "Paracin, hotel "]
[Date "2012.07.09"]
[Round "4.37"]
[White "Jovanovic, Aleksandar D"]
[Black "Banovic, Ivan"]
[Result "0-1"]
[WhiteElo "2200"]
[BlackElo "2072"]
[PlyCount "74"]
[EventDate "2012.07.06"]

1. d4 Nf6 2. c4 g6 3. Nc3 Bg7 4. Bg5 h6 5. Bh4 O-O 6. e3 c5 7. d5 d6 8. Bd3 a6
9. a4 e6 10. Nge2 Qa5 11. O-O exd5 12. cxd5 Nbd7 13. Nc1 Ne5 14. Be2 Qb4 15.
Bxf6 Bxf6 16. Ra2 Qb6 17. a5 Qc7 18. Ra3 Rb8 19. Ne4 Bg7 20. Nd2 Re8 21. Qc2
Nd7 22. b4 b5 23. axb6 Qxb6 24. Nc4 Qc7 25. bxc5 Nxc5 26. f3 Bd7 27. Nb3 Rxb3
28. Rxb3 Ba4 29. Rfb1 Nxb3 30. Rxb3 Bxb3 31. Qxb3 Qc5 32. Qd3 a5 33. Bd1 Qb4
34. Kf2 a4 35. e4 Rc8 36. Be2 Kh7 37. e5 Bxe5 0-1

[Event "International Championship of Central Se"]
[Site "Paracin, hotel "]
[Date "2012.07.09"]
[Round "4.38"]
[White "Radovanovic, Nikola"]
[Black "Filipovic, Tomislav S"]
[Result "1-0"]
[WhiteElo "2191"]
[BlackElo "1865"]
[Annotator "Milojevic,Boban"]
[PlyCount "52"]
[EventDate "2012.07.06"]

1. e4 e6 2. d4 d5 3. e5 c5 4. Qg4 cxd4 5. Nf3 Nc6 6. Bd3 Qa5+ 7. Nbd2 Qc7 8.
Qg3 Nge7 9. O-O Ng6 10. Re1 Bb4 11. h4 O-O 12. a3 Ba5 13. b4 Bb6 14. Nb3 f5 15.
h5 Nh8 16. Qf4 a6 17. Bb2 Qf7 18. Qh2 Bd8 19. Nfxd4 Qe8 20. Rac1 Nxd4 21. Bxd4
b5 22. f4 Rf7 23. Re3 Rb8 24. Be2 Rc7 25. Qg3 Nf7 26. Bd1 Nh6 {...} 1-0

[Event "International Championship of Central Se"]
[Site "Paracin, hotel "]
[Date "2012.07.09"]
[Round "4.39"]
[White "Gevorgyan, Maria"]
[Black "Marjanovic, Dejan"]
[Result "1/2-1/2"]
[WhiteElo "2040"]
[BlackElo "2169"]
[PlyCount "116"]
[EventDate "2012.07.06"]

1. e4 c5 2. Nf3 d6 3. d4 cxd4 4. Nxd4 Nf6 5. Nc3 a6 6. Bc4 e6 7. Bb3 b5 8. f3
Qc7 9. O-O Nbd7 10. Re1 Bb7 11. Kh1 Nc5 12. Bg5 Be7 13. Bxf6 Bxf6 14. Ndxb5
axb5 15. Nxb5 Qc6 16. Nxd6+ Kf8 17. Nxb7 Qxb7 18. e5 Be7 19. Qc1 h5 20. Bc4 g6
21. a3 Kg7 22. b4 Na4 23. Qe3 Rac8 24. Qb3 h4 25. h3 Rhd8 26. Re4 Nb6 27. Bf1
Nd7 28. Rb1 Qa7 29. c4 Qf2 30. Qb2 Qxb2 31. Rxb2 Nxe5 32. Rxe5 Bf6 33. Ree2
Bxb2 34. Rxb2 Rd1 35. Kg1 Rxc4 36. Kf2 Rc3 37. a4 Ra3 38. a5 Rd8 39. a6 Rb8 40.
Bc4 Ra4 41. Ke3 e5 42. Ke4 Rbxb4 43. Rxb4 Rxb4 44. Kd5 Ra4 45. Kc5 f5 46. Kb5
Ra1 47. Kb6 Kf6 48. a7 Rxa7 49. Kxa7 Kg5 50. Kb6 Kf4 51. Kc5 Kg3 52. Kd5 Kxg2
53. Kxe5 Kxh3 54. Kf4 Kg2 55. Bd5 h3 56. Kg5 Kg3 57. f4 h2 58. Bc6 Kh3 1/2-1/2

[Event "International Championship of Central Se"]
[Site "Paracin, hotel "]
[Date "2012.07.09"]
[Round "4.40"]
[White "Stojkovska, Monika"]
[Black "Grujic, Nebojsa"]
[Result "1/2-1/2"]
[WhiteElo "1909"]
[BlackElo "2156"]
[PlyCount "44"]
[EventDate "2012.07.06"]

1. e4 e6 2. d4 d5 3. Nd2 c5 4. exd5 Qxd5 5. Ngf3 cxd4 6. Bc4 Qd6 7. O-O Nf6 8.
Nb3 Nc6 9. Nbxd4 Nxd4 10. Nxd4 Bd7 11. c3 Qc7 12. Qe2 O-O-O 13. Re1 Bd6 14. h3
h5 15. Nb5 Bxb5 16. Bxb5 Kb8 17. Qc4 Qxc4 18. Bxc4 Bc7 19. Bg5 Rd7 20. Rad1
Rxd1 21. Rxd1 Rd8 22. Rxd8+ Bxd8 1/2-1/2

[Event "International Championship of Central Se"]
[Site "Paracin, hotel "]
[Date "2012.07.09"]
[Round "4.41"]
[White "Jovanovic, Bojan P"]
[Black "Katic, Goran"]
[Result "1-0"]
[WhiteElo "2185"]
[BlackElo "1989"]
[PlyCount "81"]
[EventDate "2012.07.06"]

1. d4 Nf6 2. c4 e6 3. Nf3 b6 4. Bf4 Bb4+ 5. Nbd2 Bb7 6. a3 Be7 7. h3 O-O 8. e3
d5 9. b4 c5 10. bxc5 bxc5 11. Rb1 Bc6 12. Ne5 Be8 13. dxc5 Qa5 14. cxd5 exd5
15. Nd3 Na6 16. Be2 Ne4 17. Qc2 Ba4 18. Qc1 Bxc5 19. Nxc5 Naxc5 20. Rb4 Rac8
21. Qb2 Nxd2 22. Qxd2 Ne4 23. Qb2 Rc2 24. Qa1 Rfc8 25. O-O Rxe2 26. Qe5 Nd2 27.
Qf5 Rf8 28. Qd3 Nxf1 29. Qxe2 Nxe3 30. Qxe3 Bd7 31. Rb7 Be6 32. Rxa7 Qb5 33.
Be5 Qb1+ 34. Kh2 Qg6 35. a4 h6 36. a5 Qe4 37. Qg3 g6 38. Qc3 Qc4 39. Qb2 f6 40.
Bd4 Kh8 41. Bxf6+ 1-0

[Event "International Championship of Central Se"]
[Site "Paracin, hotel "]
[Date "2012.07.09"]
[Round "4.43"]
[White "Bejatovic, Bojana"]
[Black "Hadzi - Manev, Ljubomir"]
[Result "1/2-1/2"]
[WhiteElo "1941"]
[BlackElo "2089"]
[PlyCount "42"]
[EventDate "2012.07.06"]

1. Nf3 d5 2. d4 Nf6 3. c4 e6 4. e3 Be7 5. Nc3 O-O 6. Be2 b6 7. O-O Bb7 8. b3
Nbd7 9. Bb2 c5 10. Ne5 dxc4 11. Nxd7 Qxd7 12. dxc5 cxb3 13. cxb6 Qxd1 14. Rfxd1
bxa2 15. bxa7 Rxa7 16. Rxa2 Rxa2 17. Nxa2 Rd8 18. Rxd8+ Bxd8 19. Kf1 Be7 20.
Nc3 Nd5 21. Nxd5 Bxd5 1/2-1/2

[Event "International Championship of Central Se"]
[Site "Paracin, hotel "]
[Date "2012.07.09"]
[Round "4.44"]
[White "Tisma, Ivan"]
[Black "Persson, Richard"]
[Result "1-0"]
[WhiteElo "2134"]
[BlackElo "2193"]
[PlyCount "157"]
[EventDate "2012.07.06"]

1. Nf3 Nf6 2. c4 d5 3. d4 e6 4. g3 Ne4 5. Bg2 Bb4+ 6. Nbd2 O-O 7. O-O f5 8. e3
c6 9. Qc2 Nd7 10. a3 Bd6 11. b4 Qe8 12. Bb2 Qh5 13. Rac1 Ndf6 14. Ne5 Bd7 15.
Ndf3 Be8 16. Nd3 Ng4 17. Nf4 Qh6 18. h3 Nxg3 19. fxg3 Nxe3 20. Qf2 Nxf1 21.
Qxf1 Bxf4 22. gxf4 Qxf4 23. Re1 Rf6 24. Bc1 Qg3 25. Kh1 Bh5 26. Re3 Qd6 27. c5
Qc7 28. Re5 h6 29. h4 Kh7 30. Qe1 Qd7 31. Qe2 Rg6 32. Qf2 Rg4 33. Nh2 Rg6 34.
Nf1 a5 35. bxa5 Rxa5 36. Bh3 Bg4 37. Bg2 Rb5 38. Re1 Qc7 39. Nd2 Qa5 40. Nf3
Qc3 41. Ne5 Rf6 42. Nd7 Rf7 43. Ne5 Re7 44. Bf1 Rb1 45. Bd2 Qb3 46. Bc1 Bd1 47.
Qf4 Bc2 48. Kh2 Be4 49. Be2 Qc2 50. Qd2 Qxd2 51. Bxd2 Rb3 52. a4 Rb2 53. Bc3
Rc2 54. Bb4 g5 55. Kh3 Kg7 56. a5 Rb2 57. Bc3 Rc2 58. Bb4 Rb2 59. Bc3 Ra2 60.
a6 bxa6 61. Nxc6 Rc7 62. Na5 Kf6 63. c6 f4 64. Bb4 f3 65. Bf1 gxh4 66. Bd6 Rc8
67. Bxa6 Bf5+ 68. Kxh4 Rg8 69. Be5+ Kf7 70. c7 f2 71. Rh1 Ra3 72. Nc6 Rg4+ 73.
Kh5 Rg5+ 74. Kxh6 Rg6+ 75. Kh5 Rg1 76. Rh4 Rg8 77. Nd8+ Ke7 78. c8=Q Rxd8 79.
Qc5+ 1-0

[Event "International Championship of Central Se"]
[Site "Paracin, hotel "]
[Date "2012.07.09"]
[Round "4.45"]
[White "Zarkovic, Mila"]
[Black "Iliev, Dimitar"]
[Result "0-1"]
[WhiteElo "1996"]
[BlackElo "2137"]
[PlyCount "62"]
[EventDate "2012.07.06"]

1. e4 d6 2. d4 c6 3. Nc3 Qc7 4. Be3 e5 5. Qd2 Nf6 6. f3 Be7 7. g4 h6 8. O-O-O
b5 9. h4 a5 10. Kb1 a4 11. Nh3 b4 12. Ne2 c5 13. dxe5 dxe5 14. g5 hxg5 15. hxg5
Nfd7 16. Ng3 g6 17. f4 Nc6 18. fxe5 Ndxe5 19. Bf4 Bg4 20. Bb5 Bxd1 21. Bxe5
Qxe5 22. Bxc6+ Kf8 23. Bxa8 Bf3 24. Rf1 Qxg3 25. Nf4 Rh1 26. Rxh1 Bxh1 27. Ne2
Qf2 28. Qd3 Qe1+ 29. Nc1 Bxg5 30. Qd6+ Kg8 31. Qb8+ Kh7 0-1